[Event "Elite Hotels Open 2025"]
[Site "Elite Stadshotellet, Växjö, Sweden"]
[Date "2025.02.08"]
[Round "5.16"]
[White "Sevastianov, Andrii"]
[Black "Johansson, Isac"]
[Result "1/2-1/2"]
[TimeControl "R1-4: 15 min + 5 sek, R5-8: 90 min + 30 sek"]
[WhiteElo "2161"]
[BlackElo "1958"]

1. e4 {[%clk 01:30:56]} {[%emt 00:00:03]} e6 {[%clk 01:30:59]} {[%emt
00:00:02]} 2. d4 {[%clk 01:31:12]} {[%emt 00:00:14]} d5 {[%clk 01:31:22]}
{[%emt 00:00:08]} 3. exd5 {[%clk 01:31:33]} {[%emt 00:00:08]} exd5 {[%clk
01:31:49]} {[%emt 00:00:03]} 4. Nf3 {[%clk 01:31:49]} {[%emt 00:00:13]} Nf6
{[%clk 01:31:47]} {[%emt 00:00:33]} 5. Bd3 {[%clk 01:32:07]} {[%emt 00:00:11]}
c5 {[%clk 01:32:11]} {[%emt 00:00:07]} 6. O-O {[%clk 01:29:56]} {[%emt
00:02:40]} c4 {[%clk 01:31:33]} {[%emt 00:01:10]} 7. Re1+ {[%clk 01:30:07]}
{[%emt 00:00:17]} Be7 {[%clk 01:31:58]} {[%emt 00:00:06]} 8. Bf1 {[%clk
01:30:25]} {[%emt 00:00:11]} O-O {[%clk 01:32:24]} {[%emt 00:00:05]} 9. b3
{[%clk 01:30:45]} {[%emt 00:00:10]} cxb3 {[%clk 01:32:48]} {[%emt 00:00:07]} 10.
axb3 {[%clk 01:31:06]} {[%emt 00:00:07]} Nc6 {[%clk 01:33:12]} {[%emt
00:00:07]} 11. Ne5 {[%clk 01:26:01]} {[%emt 00:05:34]} Bf5 {[%clk 01:29:44]}
{[%emt 00:03:59]} 12. Nxc6 {[%clk 01:13:33]} {[%emt 00:12:58]} bxc6 {[%clk
01:29:51]} {[%emt 00:00:22]} 13. Ba3 {[%clk 01:13:43]} {[%emt 00:00:20]} Bxa3
{[%clk 01:15:38]} {[%emt 00:14:44]} 14. Rxa3 {[%clk 01:13:54]} {[%emt
00:00:18]} Qd6 {[%clk 01:12:52]} {[%emt 00:03:17]} 15. Ra6 {[%clk 01:02:05]}
{[%emt 00:12:16]} Rfb8 {[%clk 01:07:09]} {[%emt 00:06:16]} 16. Nd2 {[%clk
00:58:55]} {[%emt 00:03:38]} Rb6 {[%clk 01:00:40]} {[%emt 00:07:01]} 17. Nf3
{[%clk 00:50:37]} {[%emt 00:08:48]} h6 {[%clk 00:39:26]} {[%emt 00:21:45]} 18.
Ra4 {[%clk 00:36:55]} {[%emt 00:14:10]} Rb4 {[%clk 00:26:25]} {[%emt 00:13:32]}
19. Rxb4 {[%clk 00:24:44]} {[%emt 00:12:40]} Qxb4 {[%clk 00:26:53]} {[%emt
00:00:02]} 20. Ne5 {[%clk 00:23:03]} {[%emt 00:02:11]} Bxc2 {[%clk 00:23:34]}
{[%emt 00:03:51]} 21. Nxc6 {[%clk 00:20:20]} {[%emt 00:03:12]} Bxd1 {[%clk
00:20:21]} {[%emt 00:03:43]} 22. Nxb4 {[%clk 00:20:41]} {[%emt 00:00:09]} Bxb3
{[%clk 00:20:39]} {[%emt 00:00:13]} 23. Na6 {[%clk 00:18:10]} {[%emt 00:03:00]}
Bc4 {[%clk 00:16:15]} {[%emt 00:04:54]} 24. Bxc4 {[%clk 00:13:27]} {[%emt
00:05:12]} dxc4 {[%clk 00:16:44]} {[%emt 00:00:02]} 25. Rc1 {[%clk 00:13:45]}
{[%emt 00:00:11]} Re8 {[%clk 00:10:42]} {[%emt 00:06:33]} 1/2-1/2

[Event "Elite Hotels Open 2025"]
[Site "Elite Stadshotellet, Växjö, Sweden"]
[Date "2025.02.08"]
[Round "5.17"]
[White "Valcu, Lavinia"]
[Black "Ljung, Rickard"]
[Result "1-0"]
[TimeControl "R1-4: 15 min + 5 sek, R5-8: 90 min + 30 sek"]
[WhiteElo "2137"]
[BlackElo "1949"]

1. e4 {[%clk 01:30:57]} {[%emt 00:00:02]} d6 {[%clk 01:30:50]} {[%emt
00:00:11]} 2. d4 {[%clk 01:31:16]} {[%emt 00:00:10]} g6 {[%clk 01:31:16]}
{[%emt 00:00:05]} 3. Nc3 {[%clk 01:31:31]} {[%emt 00:00:14]} Bg7 {[%clk
01:31:31]} {[%emt 00:00:16]} 4. f4 {[%clk 01:31:37]} {[%emt 00:00:24]} a6
{[%clk 01:31:04]} {[%emt 00:00:57]} 5. Nf3 {[%clk 01:31:49]} {[%emt 00:00:17]}
Nd7 {[%clk 01:27:14]} {[%emt 00:04:21]} 6. a4 {[%clk 01:30:48]} {[%emt
00:01:30]} c5 {[%clk 01:26:39]} {[%emt 00:01:05]} 7. Be3 {[%clk 01:28:03]}
{[%emt 00:03:15]} cxd4 {[%clk 01:23:58]} {[%emt 00:03:12]} 8. Bxd4 {[%clk
01:23:35]} {[%emt 00:04:58]} Bxd4 {[%clk 01:04:50]} {[%emt 00:19:37]} 9. Qxd4
{[%clk 01:22:32]} {[%emt 00:01:34]} f6 {[%clk 01:04:40]} {[%emt 00:00:40]} 10.
Bc4 {[%clk 01:15:30]} {[%emt 00:07:32]} Qb6 {[%clk 01:02:41]} {[%emt 00:02:29]}
11. Nd5 {[%clk 01:13:07]} {[%emt 00:02:53]} Qd8 {[%clk 01:01:08]} {[%emt
00:02:03]} 12. O-O {[%clk 01:02:49]} {[%emt 00:10:47]} Nh6 {[%clk 00:56:00]}
{[%emt 00:05:39]} 13. Rae1 {[%clk 00:58:00]} {[%emt 00:05:18]} Rb8 {[%clk
00:38:44]} {[%emt 00:17:46]} 14. Qc3 {[%clk 00:57:08]} {[%emt 00:01:22]} e6
{[%clk 00:29:28]} {[%emt 00:09:46]} 15. Ng5 {[%clk 00:49:28]} {[%emt 00:08:10]}
exd5 {[%clk 00:27:09]} {[%emt 00:02:50]} 16. exd5+ {[%clk 00:49:39]} {[%emt
00:00:19]} Ne5 {[%clk 00:27:27]} {[%emt 00:00:11]} 17. fxe5 {[%clk 00:49:58]}
{[%emt 00:00:11]} dxe5 {[%clk 00:23:20]} {[%emt 00:04:37]} 18. Rxe5+ {[%clk
00:46:38]} {[%emt 00:03:50]} fxe5 {[%clk 00:23:06]} {[%emt 00:00:45]} 19. Qxe5+
{[%clk 00:46:58]} {[%emt 00:00:10]} Kd7 {[%clk 00:23:07]} {[%emt 00:00:29]} 20.
Rf6 {[%clk 00:35:48]} {[%emt 00:11:40]} Qe7 {[%clk 00:20:16]} {[%emt 00:03:20]}
21. Re6 {[%clk 00:34:36]} {[%emt 00:01:42]} Qc5+ {[%clk 00:15:38]} {[%emt
00:05:09]} 22. Kh1 {[%clk 00:35:00]} {[%emt 00:00:05]} Rf8 {[%clk 00:15:23]}
{[%emt 00:00:45]} 23. Qg7+ {[%clk 00:33:25]} {[%emt 00:02:06]} Kd8 {[%clk
00:14:46]} {[%emt 00:01:06]} 24. d6 {[%clk 00:33:42]} {[%emt 00:00:14]} Nf5
{[%clk 00:06:28]} {[%emt 00:08:46]} 25. Qxf8+ {[%clk 00:33:34]} {[%emt
00:00:40]} Kd7 {[%clk 00:06:54]} {[%emt 00:00:04]} 26. Qe8# {[%emt 00:00:08]}
1-0

[Event "Elite Hotels Open 2025"]
[Site "Elite Stadshotellet, Växjö, Sweden"]
[Date "2025.02.08"]
[Round "6.1"]
[White "Falkevall, Axel"]
[Black "Cederstam, Carl"]
[Result "1/2-1/2"]
[TimeControl "R1-4: 15 min + 5 sek, R5-8: 90 min + 30 sek"]
[WhiteTitle "FM"]
[BlackTitle "FM"]
[WhiteElo "2401"]
[BlackElo "2264"]

1. d4 {[%clk 01:30:56]} {[%emt 00:00:03]} Nf6 {[%clk 01:30:10]} {[%emt
00:00:51]} 2. c4 {[%clk 01:31:18]} {[%emt 00:00:07]} e6 {[%clk 01:30:33]}
{[%emt 00:00:07]} 3. Nf3 {[%clk 01:31:44]} {[%emt 00:00:04]} d5 {[%clk
01:30:42]} {[%emt 00:00:21]} 4. Nc3 {[%clk 01:32:09]} {[%emt 00:00:05]} Be7
{[%clk 01:27:40]} {[%emt 00:03:32]} 5. Bf4 {[%clk 01:31:33]} {[%emt 00:01:06]}
O-O {[%clk 01:26:49]} {[%emt 00:01:20]} 6. e3 {[%clk 01:31:39]} {[%emt
00:00:24]} b6 {[%clk 01:25:14]} {[%emt 00:02:04]} 7. Be2 {[%clk 01:31:12]}
{[%emt 00:01:00]} Bb7 {[%clk 01:23:16]} {[%emt 00:02:28]} 8. O-O {[%clk
01:30:31]} {[%emt 00:01:10]} a6 {[%clk 01:14:14]} {[%emt 00:09:32]} 9. cxd5
{[%clk 01:23:49]} {[%emt 00:07:12]} Nxd5 {[%clk 01:13:31]} {[%emt 00:01:14]} 10.
Nxd5 {[%clk 01:23:25]} {[%emt 00:00:52]} Bxd5 {[%clk 01:07:56]} {[%emt
00:06:06]} 11. Qc2 {[%clk 01:21:44]} {[%emt 00:02:11]} Bd6 {[%clk 01:00:48]}
{[%emt 00:07:38]} 12. Bxd6 {[%clk 01:17:18]} {[%emt 00:04:56]} cxd6 {[%clk
00:57:58]} {[%emt 00:03:21]} 13. Rfc1 {[%clk 01:14:22]} {[%emt 00:03:25]} Nd7
{[%clk 00:55:39]} {[%emt 00:02:47]} 14. Bd3 {[%clk 01:09:19]} {[%emt 00:05:35]}
Bxf3 {[%clk 00:19:23]} {[%emt 00:36:47]} 15. gxf3 {[%clk 01:09:43]} {[%emt
00:00:05]} g6 {[%clk 00:18:57]} {[%emt 00:00:56]} 16. Qc7 {[%clk 01:05:34]}
{[%emt 00:04:38]} Nf6 {[%clk 00:17:24]} {[%emt 00:02:04]} 17. Qxd8 {[%clk
01:04:49]} {[%emt 00:01:15]} Rfxd8 {[%clk 00:17:47]} {[%emt 00:00:07]} 18. Rc6
{[%clk 01:03:58]} {[%emt 00:01:20]} b5 {[%clk 00:16:38]} {[%emt 00:01:40]} 19.
e4 {[%clk 00:57:31]} {[%emt 00:06:57]} Rdc8 {[%clk 00:13:49]} {[%emt 00:03:20]}
20. Rac1 {[%clk 00:49:21]} {[%emt 00:08:39]} Rxc6 {[%clk 00:14:06]} {[%emt
00:00:13]} 21. Rxc6 {[%clk 00:49:50]} {[%emt 00:00:02]} d5 {[%clk 00:13:54]}
{[%emt 00:00:42]} 22. e5 {[%clk 00:45:57]} {[%emt 00:04:22]} Nh5 {[%clk
00:14:11]} {[%emt 00:00:13]} 23. Kf1 {[%clk 00:41:24]} {[%emt 00:05:03]} Nf4
{[%clk 00:14:15]} {[%emt 00:00:27]} 24. Be2 {[%clk 00:40:44]} {[%emt 00:01:09]}
Ra7 {[%clk 00:12:48]} {[%emt 00:01:58]} 25. Ke1 {[%clk 00:40:17]} {[%emt
00:00:57]} Kf8 {[%clk 00:13:06]} {[%emt 00:00:12]} 26. Kd2 {[%clk 00:39:54]}
{[%emt 00:00:52]} Ke7 {[%clk 00:12:32]} {[%emt 00:01:05]} 27. Bf1 {[%clk
00:39:40]} {[%emt 00:00:44]} Kd7 {[%clk 00:08:24]} {[%emt 00:04:37]} 28. Rc5
{[%clk 00:38:35]} {[%emt 00:01:35]} Rc7 {[%clk 00:08:24]} {[%emt 00:00:30]} 29.
b4 {[%clk 00:37:41]} {[%emt 00:01:24]} Rxc5 {[%clk 00:07:47]} {[%emt 00:01:07]}
30. bxc5 {[%clk 00:37:06]} {[%emt 00:01:05]} Kc6 {[%clk 00:05:47]} {[%emt
00:02:30]} 31. a4 {[%clk 00:34:20]} {[%emt 00:03:17]} bxa4 {[%clk 00:06:10]}
{[%emt 00:00:07]} 32. Bxa6 {[%clk 00:34:27]} {[%emt 00:00:22]} Nh3 {[%clk
00:05:35]} {[%emt 00:01:05]} 33. Kc3 {[%clk 00:30:22]} {[%emt 00:04:36]} Ng1
{[%clk 00:05:35]} {[%emt 00:00:29]} 34. f4 {[%clk 00:27:50]} {[%emt 00:03:02]}
a3 {[%clk 00:04:53]} {[%emt 00:01:13]} 35. Kb3 {[%clk 00:28:04]} {[%emt
00:00:16]} Nf3 {[%clk 00:05:17]} {[%emt 00:00:05]} 36. Kxa3 {[%clk 00:28:09]}
{[%emt 00:00:25]} Nxd4 {[%clk 00:05:45]} {[%emt 00:00:03]} 37. Kb4 {[%clk
00:28:23]} {[%emt 00:00:15]} Nc2+ {[%clk 00:03:57]} {[%emt 00:02:18]} 38. Kc3
{[%clk 00:28:07]} {[%emt 00:00:47]} Ne1 {[%clk 00:01:42]} {[%emt 00:02:45]} 39.
Kb4 {[%clk 00:27:30]} {[%emt 00:01:06]} Nc2+ {[%clk 00:00:58]} {[%emt
00:01:14]} 40. Kc3 {[%clk 00:27:57]} {[%emt 00:00:03]} Ne1 {[%clk 00:01:25]}
{[%emt 00:00:04]} 41. Kb4 {[%clk 00:28:25]} {[%emt 00:00:02]} Nc2+ {[%clk
00:01:49]} {[%emt 00:00:06]} 1/2-1/2

[Event "Elite Hotels Open 2025"]
[Site "Elite Stadshotellet, Växjö, Sweden"]
[Date "2025.02.08"]
[Round "6.2"]
[White "Hald Falkesgaard, Jeppe"]
[Black "Trost, Edvin"]
[Result "0-1"]
[TimeControl "R1-4: 15 min + 5 sek, R5-8: 90 min + 30 sek"]
[WhiteTitle "FM"]
[BlackTitle "IM"]
[WhiteElo "2347"]
[BlackElo "2462"]

1. c4 {[%clk 01:29:12]} {[%emt 00:01:40]} Nf6 {[%clk 01:30:58]} {[%emt
00:00:10]} 2. Nf3 {[%clk 01:28:43]} {[%emt 00:00:58]} g6 {[%clk 01:31:11]}
{[%emt 00:00:18]} 3. Nc3 {[%clk 01:28:19]} {[%emt 00:00:54]} Bg7 {[%clk
01:29:50]} {[%emt 00:01:51]} 4. e4 {[%clk 01:27:58]} {[%emt 00:00:50]} d6
{[%clk 01:30:10]} {[%emt 00:00:11]} 5. d4 {[%clk 01:28:23]} {[%emt 00:00:05]}
O-O {[%clk 01:30:23]} {[%emt 00:00:16]} 6. h3 {[%clk 01:28:33]} {[%emt
00:00:20]} Nbd7 {[%clk 01:22:45]} {[%emt 00:08:08]} 7. Be2 {[%clk 01:27:03]}
{[%emt 00:02:00]} a5 {[%clk 01:21:24]} {[%emt 00:01:52]} 8. Be3 {[%clk
01:26:33]} {[%emt 00:01:00]} e5 {[%clk 01:12:30]} {[%emt 00:09:24]} 9. d5
{[%clk 01:25:57]} {[%emt 00:01:06]} Qe7 {[%clk 01:12:37]} {[%emt 00:00:23]} 10.
g4 {[%clk 01:22:25]} {[%emt 00:04:01]} Nc5 {[%clk 01:11:30]} {[%emt 00:01:37]}
11. Nd2 {[%clk 01:20:47]} {[%emt 00:02:08]} Ne8 {[%clk 01:08:03]} {[%emt
00:03:58]} 12. Nb3 {[%clk 01:14:21]} {[%emt 00:06:54]} b6 {[%clk 01:04:03]}
{[%emt 00:04:32]} 13. h4 {[%clk 01:12:39]} {[%emt 00:02:12]} h6 {[%clk
00:49:58]} {[%emt 00:14:35]} 14. h5 {[%clk 01:05:36]} {[%emt 00:07:33]} g5
{[%clk 00:50:10]} {[%emt 00:00:17]} 15. Nd2 {[%clk 01:02:26]} {[%emt 00:03:40]}
Nf6 {[%clk 00:43:16]} {[%emt 00:07:24]} 16. f3 {[%clk 01:01:15]} {[%emt
00:01:42]} Bd7 {[%clk 00:41:27]} {[%emt 00:02:19]} 17. Kf2 {[%clk 00:58:19]}
{[%emt 00:03:25]} c6 {[%clk 00:40:40]} {[%emt 00:01:18]} 18. b3 {[%clk
00:53:19]} {[%emt 00:05:31]} Rfb8 {[%clk 00:35:24]} {[%emt 00:05:46]} 19. Nf1
{[%clk 00:49:06]} {[%emt 00:04:41]} cxd5 {[%clk 00:30:17]} {[%emt 00:05:38]} 20.
cxd5 {[%clk 00:49:02]} {[%emt 00:00:34]} b5 {[%clk 00:30:02]} {[%emt 00:00:45]}
21. a4 {[%clk 00:24:03]} {[%emt 00:25:30]} bxa4 {[%clk 00:14:33]} {[%emt
00:15:59]} 22. Bxc5 {[%clk 00:24:25]} {[%emt 00:00:06]} dxc5 {[%clk 00:14:03]}
{[%emt 00:01:01]} 23. Nxa4 {[%clk 00:23:00]} {[%emt 00:01:54]} Ne8 {[%clk
00:13:16]} {[%emt 00:01:17]} 24. Ne3 {[%clk 00:22:49]} {[%emt 00:00:41]} Bf8
{[%clk 00:11:26]} {[%emt 00:02:21]} 25. Nc4 {[%clk 00:19:47]} {[%emt 00:03:32]}
Bb5 {[%clk 00:10:48]} {[%emt 00:01:09]} 26. Qc2 {[%clk 00:13:47]} {[%emt
00:06:30]} Qc7 {[%clk 00:08:34]} {[%emt 00:02:42]} 27. Nab2 {[%clk 00:10:57]}
{[%emt 00:03:21]} f6 {[%clk 00:06:13]} {[%emt 00:02:51]} 28. Ra3 {[%clk
00:09:44]} {[%emt 00:01:43]} Bxc4 {[%clk 00:02:03]} {[%emt 00:04:40]} 29. Bxc4
{[%emt 00:02:25]} Nd6 30. Rha1 {[%clk 00:07:59]} {[%emt 00:00:19]} Be7 {[%clk
00:02:24]} {[%emt 00:00:39]} 31. Qc3 {[%clk 00:08:01]} {[%emt 00:00:28]} Bd8
{[%clk 00:02:53]} {[%emt 00:00:01]} 32. Qe3 {[%clk 00:06:33]} {[%emt 00:01:57]}
Qa7 {[%clk 00:02:11]} {[%emt 00:01:13]} 33. Kg3 {[%clk 00:06:02]} {[%emt
00:01:01]} Kg7 {[%clk 00:02:19]} {[%emt 00:00:22]} 34. Ra4 {[%clk 00:05:40]}
{[%emt 00:00:52]} Rb7 {[%clk 00:01:58]} {[%emt 00:00:51]} 35. Nd3 {[%clk
00:05:26]} {[%emt 00:00:44]} Bb6 {[%clk 00:02:00]} {[%emt 00:00:29]} 36. Qd2
{[%clk 00:05:19]} {[%emt 00:00:36]} Qb8 {[%clk 00:01:43]} {[%emt 00:00:47]} 37.
Rxa5 {[%clk 00:01:32]} {[%emt 00:04:17]} Rxa5 {[%clk 00:01:57]} {[%emt
00:00:17]} 38. Rxa5 {[%clk 00:01:58]} {[%emt 00:00:03]} Bxa5 {[%clk 00:00:58]}
{[%emt 00:01:29]} 39. Qxa5 {[%clk 00:02:26]} {[%emt 00:00:02]} Qa7 {[%clk
00:01:25]} {[%emt 00:00:04]} 40. Qxa7 {[%clk 00:02:14]} {[%emt 00:00:42]} Rxa7
41. Nxc5 {[%clk 00:02:36]} {[%emt 00:00:07]} Ra2 {[%clk 00:01:47]} {[%emt
00:00:37]} 42. Bd3 {[%clk 00:01:00]} {[%emt 00:02:06]} Rb2 {[%clk 00:01:39]}
{[%emt 00:00:37]} 43. Ba6 {[%clk 00:00:48]} {[%emt 00:00:43]} Kf7 {[%clk
00:01:57]} {[%emt 00:00:11]} 44. Bf1 {[%clk 00:00:46]} {[%emt 00:00:32]} Ke7
{[%clk 00:02:14]} {[%emt 00:00:14]} 45. Bd3 {[%clk 00:00:53]} {[%emt 00:00:23]}
Kf8 {[%clk 00:00:32]} {[%emt 00:02:12]} 46. Ba6 {[%clk 00:00:52]} {[%emt
00:00:31]} Kg7 {[%clk 00:00:32]} {[%emt 00:00:31]} 47. Bd3 {[%clk 00:01:00]}
{[%emt 00:00:21]} Kf7 {[%clk 00:01:01]} 48. Ba6 {[%clk 00:01:04]} {[%emt
00:00:27]} Rc2 {[%clk 00:01:01]} {[%emt 00:00:30]} 49. b4 {[%clk 00:00:49]}
{[%emt 00:00:46]} Rb2 {[%clk 00:01:15]} {[%emt 00:00:15]} 50. Nd3 {[%clk
00:01:06]} {[%emt 00:00:13]} Ra2 {[%clk 00:01:04]} {[%emt 00:00:41]} 51. Nc5
{[%clk 00:01:00]} {[%emt 00:00:36]} Rb2 {[%clk 00:01:25]} {[%emt 00:00:09]} 52.
Nd3 {[%clk 00:01:21]} {[%emt 00:00:09]} Ra2 {[%clk 00:01:09]} {[%emt 00:00:46]}
53. Nc5 {[%clk 00:01:44]} {[%emt 00:00:07]} Ke7 {[%clk 00:00:42]} {[%emt
00:00:57]} 54. Bf1 {[%clk 00:01:42]} {[%emt 00:00:32]} Rb2 {[%clk 00:00:51]}
{[%emt 00:00:21]} 55. Nd3 {[%clk 00:02:00]} {[%emt 00:00:12]} Rb1 {[%clk
00:00:38]} {[%emt 00:00:43]} 56. Kf2 {[%clk 00:01:41]} {[%emt 00:00:49]} Nb5
{[%clk 00:01:07]} 57. Nc5 {[%clk 00:01:14]} {[%emt 00:00:57]} Nd4 {[%clk
00:01:20]} {[%emt 00:00:17]} 58. b5 {[%clk 00:01:13]} {[%emt 00:00:31]} Rc1
{[%clk 00:01:02]} {[%emt 00:00:47]} 59. Nb7 {[%clk 00:00:50]} {[%emt 00:00:53]}
Rc3 {[%clk 00:01:20]} {[%emt 00:00:12]} 60. Bg2 {[%clk 00:00:45]} {[%emt
00:00:34]} Rc2+ {[%clk 00:01:48]} {[%emt 00:00:02]} 61. Kg3 {[%clk 00:01:00]}
{[%emt 00:00:16]} Nxb5 {[%clk 00:02:05]} {[%emt 00:00:13]} 62. Bf1 {[%clk
00:00:59]} {[%emt 00:00:30]} Nd4 {[%clk 00:02:25]} {[%emt 00:00:10]} 63. Na5
{[%clk 00:01:03]} {[%emt 00:00:26]} Rc3 {[%clk 00:02:33]} {[%emt 00:00:23]} 64.
Bg2 {[%clk 00:00:53]} {[%emt 00:00:41]} Rc5 {[%clk 00:02:49]} {[%emt 00:00:14]}
65. Nc6+ {[%clk 00:01:05]} {[%emt 00:00:18]} Nxc6 {[%clk 00:03:17]} {[%emt
00:00:01]} 66. dxc6 {[%clk 00:01:30]} {[%emt 00:00:05]} Rxc6 {[%clk 00:03:43]}
{[%emt 00:00:04]} 67. Kf2 {[%clk 00:01:54]} {[%emt 00:00:05]} Rc2+ {[%clk
00:04:10]} {[%emt 00:00:04]} 68. Kg3 {[%clk 00:02:20]} {[%emt 00:00:04]} Kd6
{[%clk 00:04:38]} {[%emt 00:00:01]} 69. Bh3 {[%clk 00:02:09]} {[%emt 00:00:41]}
Kc5 {[%clk 00:05:06]} {[%emt 00:00:03]} 70. Bf1 {[%clk 00:02:19]} {[%emt
00:00:19]} Kd4 {[%clk 00:05:33]} {[%emt 00:00:03]} 71. Bh3 {[%clk 00:01:54]}
{[%emt 00:00:55]} Ke3 {[%clk 00:05:57]} {[%emt 00:00:06]} 72. Bf1 {[%clk
00:02:16]} {[%emt 00:00:09]} Rf2 {[%clk 00:06:18]} {[%emt 00:00:08]} 73. Bg2
{[%clk 00:02:43]} {[%emt 00:00:03]} Ke2 {[%clk 00:06:34]} {[%emt 00:00:14]} 0-1